| 000 | 00000nam##2200000za#4500 |
| 001 | 9.695629 |
| 003 | CaOODSP |
| 005 | 20210624234649 |
| 007 | cr ||||||||||| |
| 008 | 150407|2000||||xxc|||||o f|0| 0 eng|d |
| 040 | |aCaOODSP|beng |
| 043 | |an-cn--- |
| 086 | 1 |aCi63-18/2000E-PDF |
| 110 | 1 |aCanada. |bCitizenship and Immigration Canada. |
| 245 | 10|aInternational adoption and the immigration process / |h[electronic resource]|c[Issued by] Citizenship and Immigration Canada. |
| 260 | |aOttawa - Ontario : |bCitizenship and Immigration Canada |cc2000. |
| 300 | |a27p. |
| 500 | |aThe catalogue number (Ci63-18/2000) and ISBN (0-662-64903-6) for the bilingual print edition have been incorrectly copied in this electronic publication. |
| 590 | |a12-18-Supp|b2012-04-25 |
| 690 | 07|aImmigration|2gcpds |
| 690 | 07|aInternational adoption|2gcpds |
| 775 | 08|tProcessus d'immigration en adoption internationale / |w(CaOODSP)9.639761 |
| 776 | 0#|tInternational adoption and the immigration process |w(CaOODSP)9.661779 |
| 776 | 0#|tProcessus d'immigration en adoption internationale |w(CaOODSP)9.661780 |
| 856 | 40|ahttp://publications.gc.ca|qPDF|s173 KB|uhttps://publications.gc.ca/collections/Collection/Ci63-18-2000E.pdf |
| 986 | |aC&I-387-03-00 |